Sports Quiz

Random Sports or Hockey Quiz

Devils on the Stanley Cup Quiz Stats

Quiz not verified by Sporcle

Challenge
Share
Tweet
Embed
Score 0/55 Timer 10:00
0 Plays Today
Year(s) Player % Correct
1995/2000/2003Martin Brodeur
100%
1995/2000/2003Scott Stevens
93.5%
1995/2000/2003Ken Daneyko
89.6%
2000/2003Patrik Elias
89.6%
2000/2003Scott Gomez
81.8%
1995/2000/2003Scott Niedermayer
77.9%
2000Jason Arnott
77.9%
2000Petr Sykora
77.9%
2003Brian Gionta
75.3%
1995/2000Claude Lemieux
70.1%
2000/2003Colin White
67.5%
1995/2000Chris Terreri
66.2%
1995/2000Randy McKay
64.9%
2000/2003John Madden
64.9%
2003Jamie Langenbrunner
64.9%
1995/2000Bobby Holik
62.3%
1995/2000/2003Sergei Brylin
62.3%
2000/2003Brian Rafalski
62.3%
1995John MacLean
61%
2000Alexander Mogilny
59.7%
1995Brian Rolston
57.1%
2000/2003Jay Pandolfo
57.1%
1995Stephane Richer
50.6%
1995Bill Guerin
49.4%
1995Bruce Driver
49.4%
1995Neal Broten
46.8%
1995Mike Peluso
46.8%
1995/2003Tommy Albelin
42.9%
Year(s) Player % Correct
2003Michael Rupp
41.6%
1995Jim Dowd
40.3%
2003Jeff Friesen
39%
1995Bob Carpenter
35.1%
1995Valeri Zelepukin
33.8%
2000Sergei Nemchinov
32.5%
2003Joe Nieuwendyk
32.5%
2003Corey Schwab
32.5%
2003Turner Stevenson
31.2%
2003Oleg Tverdovsky
31.2%
1995Shawn Chambers
29.9%
2000Vladimir Malakhov
29.9%
2003Grant Marshall
29.9%
1995Tom Chorske
27.3%
2000Krzysztof Oliwa
27.3%
2003Jim McKenzie
24.7%
2003Jiri Bicek
22.1%
1995Kevin Dean
20.8%
2003Pascal Rheaume
20.8%
1995Danton Cole
19.5%
2000Steve Brule
18.2%
2000Steve Kelly
18.2%
2003Richard Smehlik
18.2%
2000Brad Bombardir
15.6%
1995Chris McAlpine
15.6%
2000Ken Sutton
15.6%
2003Christian Berglund
5.2%

You're not logged in!

Compare scores with friends on all Sporcle quizzes.
Sign Up with Email
OR
Log In

You Might Also Like...

Show Comments

Extras

Top Quizzes Today


Score Distribution

Your Account Isn't Verified!

In order to create a playlist on Sporcle, you need to verify the email address you used during registration. Go to your Sporcle Settings to finish the process.

Report this User

Report this user for behavior that violates our Community Guidelines.

Details: